000 00460nam a2200169 i 4500
001 C2-0312282
003 PPAK
005 20180729001204.0
008 110921s my |||| ||||| | may d
040 _aPPAK
_beng
_cPPAK
_erda
245 0 0 _aPelayaran dunia Melayu
264 1 _aKuala Lumpur :
_bJabatan Muzium dan Antikuiti ,
_c[t.t.t.]
336 _2rdacontent
_atext
337 _2rdamedia
_aunmediated
338 _2rdacarrier
_avolume
942 _2ddc
_cVCD
999 _c166543
_d166543